Mutul funds in India/ (Record no. 138614)

MARC details
000 -LEADER
fixed length control field 00636nam a22001937a 4500
005 - DATE AND TIME OF LATEST TRANSACTION
control field 20170331161033.0
010 ## - LCCN (DPL NO)
LC control number ENG-117681
020 ## - INTERNATIONAL STANDARD BOOK NUMBER
International Standard Book Number 9788184845648
Terms of availability 880.00
035 ## - SYSTEM CONTROL NUMBER
System control number EN-101213
037 ## - SOURCE OF ACQUISITION
Source of stock number/acquisition DABD/PUB
082 ## - DEWEY DECIMAL CLASSIFICATION NUMBER
Classification number 332.63270954
100 ## - MAIN ENTRY--PERSONAL NAME
Personal name Ghos, Soheli
245 ## - TITLE STATEMENT
Title Mutul funds in India/
Statement of responsibility, etc by Soheli Ghosh
Remainder of title a look into the Past Present and Future /
260 ## - PUBLICATION, DISTRIBUTION, ETC. (IMPRINT)
Place of publication, distribution, etc New Delhi
Name of publisher, distributor, etc Regal Publication
Date of publication, distribution, etc 2016
270 ## - ADDRESS
Address F-159, Rajouri Garden,
City New Delhi
Postal code 110027
300 ## - PHYSICAL DESCRIPTION
Extent xiv,208p :
Dimensions 22cm(Hb)
Other physical details ill
500 ## - GENERAL NOTE
General note Includes bibliographical references and index
942 ## - ADDED ENTRY ELEMENTS (KOHA)
Source of classification or shelving scheme Dewey Decimal Classification
Item type English Books
Classification part 332.63270954
Call number suffix GHO
Holdings
Withdrawn status Lost status Not for loan Collection code Home library Current library Date acquired Source of acquisition Cost, normal purchase price Full call number Barcode Copy number Cost, replacement price Koha item type
    Not For Loan Non-fiction D.B.Act.Division Bawana 31/03/2017 DBAD/PUB 880.00 332.63270954 GHO EN-101213 1 880.00 English Books

© Delhi Public Library
Hit Counter
free hit counter